Представление документа в формате RUSMARC

ПолеНазваниеЗначение
  Тип записи a
  Библиографический уровень m
001 Контрольный номер RU/SLIB/B/208725703
005 Дата корректировки 20201206204004.6
010 Индекс ISBN __
d Цена 1-20
101 Язык документа __
a Язык текста rus
c Язык оригинала rus
200 Заглавие и сведения об ответственности 0_
a Заглавие Внешняя политика Советского Союза
f Первые сведения об ответственности сост.: В. П. Нихамин [и др.] ; предисл. А. А. Громыко ; хронология сост. П. А. Развиным
b Общее обозначение материала Текст
205 Сведения об издании __
a Основные сведения об издании 3-е изд., перераб. и доп.
210 Выходные данные __
a Место издания М.
c Издательство Политиздат
d Дата издания 1985
215 Физическое описание __
a Объем 400 с.
606 Тематические рубрики __
a Основная рубрика История
y Географическая подрубрика СССР
606 Тематические рубрики __
a Основная рубрика История России и СССР (октябрь 1917 - 1991 г.)
610 Ключевые слова __
a Ключевые слова внешняя политика; международные отношения; международное сотрудничество; политическое развитие
686 Индексы других классификаций __
a Классификационный индекс 63.3(2)6-6; ст63.3(2)6-6
702 Вторичная интеллектуальная ответственность _1
a Фамилия Нихамин
b Имя В. П.
4 Код отношения Составитель
702 Вторичная интеллектуальная ответственность _1
a Фамилия Адамишин
b Имя А. Л.
4 Код отношения Составитель
702 Вторичная интеллектуальная ответственность _1
a Фамилия Богуш
b Имя Е. Ю.
4 Код отношения Составитель
702 Вторичная интеллектуальная ответственность _1
a Фамилия Громыко
b Имя А. А.
4 Код отношения Предисловие
702 Вторичная интеллектуальная ответственность _1
a Фамилия Развин
b Имя П. А.
4 Код отношения Составитель хронологии
801 Источник записи _0
a Страна RU
b Организация Муниципальное бюджетное учреждение культуры "Централизованная библиотечная система" г. Сургут (Центральная городская библиотека им. А. С. Пушкина)
g Правила каталогизации КиК/Лебедева
801 Источник записи _1
a Страна RU
b Организация Муниципальное бюджетное учреждение культуры "Централизованная библиотечная система" г. Сургут (Центральная городская библиотека им. А. С. Пушкина)
g Правила каталогизации КиК/Лебедева
852 Данные о местонахождении __
j Шифр хранения 63.3(2)6-6
c Каталожный индекс 63.3(2)6
i Авторский знак В 60
p Инвентарный номер 27497
901 Тип документа __
t Тип документа m
990 Данные о заказе (DOS) __
j Количество экземпляров (DOS) 2
t N записи в КСУ для И/У (DOS) 199101